00201nam a2200085Ia 4500008004100000020001800041082001700059100001400076245002500090220714s9999 xx 000 0 und d a9780620737630 aISIZU F GUME aGUMEDE, L 0aNgifunga Ngiyagomela